00668nam a2200169 i 4500001000300000245013900003250001300142260005700155300007400212650001700286020002900303040000800332041000700340080001200347008004100359856009800400bg00aThe New Encyclopaedia Britannica.nVol.5,pMicropaedia : ready reference [Freon-Holderlin] /c[Robert McHenry editor in chief et al.]. a15th ed. aChicago [et al.] :bEncyclopaedia Britannica,c1995. a[3], 982, [2] s. :bfot., mapy, portr., rys. (w tym kolor.) ;c29 cm. 9aEncyklopedia a0852296053 (całość) cBPK0 aen a0/9(03) s pl f |000 0 pol  uhttp://koha.tu.koszalin.pl/cgi-bin/koha/opac-detail.pl?biblionumber=33113yKatalog online BPK